| 000 | 00942cam a2200229 4500 | ||
|---|---|---|---|
| 001 | WB3637-03 | ||
| 008 | 000000n2000 000 0 eng u | ||
| 035 | _a(Sirsi) u108377 | ||
| 245 | _aCommercial property boosts Dundee | ||
| 260 | _c2000 | ||
| 490 |
_aScotsman _v 19 September 2000, 5(1) |
||
| 520 | _aDespite fears that the projected population decline in Dundee will affect its city status, local property experts are confident that the strong commercial property market ensures Dundee's future success. Briefly describes new commercial developments. | ||
| 590 | _aWB | ||
| 650 | _aDUNDEE | ||
| 650 | _aLEND LEASE | ||
| 650 | _aRETAIL DEVELOPMENT | ||
| 650 | _aPROPERTY-COMMERCIAL PROPERTY-RETAIL PROPERTY-RETAIL PROPERTY MARKET | ||
| 650 | _aPROPERTY-COMMERCIAL PROPERTY-OFFICE PROPERTY-OFFICE PROPERTY MARKET | ||
| 650 | _aCALL CENTRES | ||
| 690 | _aPROPERTY-COMMERCIAL PROPERTY-COMMERCIAL PROPERTY MARKET | ||
| 942 | _n0 | ||
| 999 |
_c64707 _d64707 |
||